|
|
|
|
| LEADER |
00000nab a2200000 4500 |
| 001 |
vtls011826257 |
| 003 |
SK-MaSNL |
| 005 |
20260303124429.0 |
| 008 |
181128|20181128xo w||| || ||00 0|slo |
| 040 |
|
|
|e rda
|
| 041 |
|
|
|a slo
|
| 044 |
|
|
|a xo
|c SK
|
| 072 |
|
7 |
|a 784
|x Vokálna hudba
|2 konspekt
|
| 080 |
|
|
|a 784.4
|2 2011
|
| 245 |
0 |
0 |
|a Saška Jevčáková a Hanka Kocáková sa stali laureátkami
|c im
|
| 300 |
|
|
|b Fotografie
|
| 336 |
|
|
|a text
|b txt
|2 rdacontent
|
| 337 |
|
|
|a bez média
|b n
|2 rdamedia
|
| 338 |
|
|
|a zväzok
|b nc
|2 rdacarrier
|
| 600 |
1 |
7 |
|a Kocáková, Hana,
|d 2003-
|2 vthk
|9 1086586
|
| 600 |
1 |
7 |
|a Jevčáková, Alexandra
|2 vthk
|9 1141576
|
| 611 |
1 |
7 |
|a Makovická struna
|2 vthk
|9 95696
|
| 650 |
0 |
7 |
|a ľudové piesne
|2 vthk
|9 1941
|
| 651 |
|
7 |
|a Vranov nad Topľou (Slovensko)
|2 vthk
|9 17494
|
| 773 |
0 |
|
|t Vranovské novinky
|g Roč.22, č.48 (2018), s.5
|x 1338-1040
|
| 999 |
|
|
|c 1930331
|d 1932261
|